Statystyki dla Miasta na tej samej długości i szerokości geograficznej co Łomża +mapa

Kliknij tutaj aby rozwiązać quiz!

Ogólne statystyki

  • Ten quiz został rozwiązany 31 razy
  • Średni wynik to 5 z 17

Odpowiedzi na mapie

Odpowiedzi skodowane kolorowo w zielono-czerwonej skali na mapie do tego quizu, zgodnie z poniższymi procentami.
 

Statystyki odpowiedzi

Strona świataKrajMiastoludność% Poprawnych
WschódPolskaBiałystok296k
87%
ZachódPolskaBydgoszcz344k
87%
PołudniePolskaRzeszów197k
83%
PółnocFinlandiaTurku194k
53%
ZachódNiemcyBrema568k
43%
ZachódHolandiaGroningen183k
27%
WschódRosjaSamara1.157k
23%
WschódRosjaBarnauł632k
13%
ZachódNiemcyOldenburg170k
13%
WschódBiałoruśBobrujsk212k
10%
WschódKazachstanKustanaj250k
10%
PołudnieRumuniaOradea196k
10%
WschódRosjaPenza520k
10%
WschódBiałoruśBaranowicze175k
7%
WschódRosjaBriańsk403k
7%
WschódRosjaSyzrań167k
7%
ZachódWielka BrytaniaMansfield109k
3%

Rozkład punktacji

Percentyl według liczby udzielonych odpowiedzi

Procent ludzi z każdym wynikiem

Twoja historia wyników

Nie rozwiązałeś tego quizu